| 000 | 00776cam a22002054a 4500 | ||
|---|---|---|---|
| 001 | 14106761 | ||
| 005 | 20250728172815.0 | ||
| 008 | 050913s2005 iluab bd 001 0 eng | ||
| 020 |
_a0830817824 _qcloth : alk. paper |
||
| 020 |
_a9780830817825 _q(cloth : alk. paper) |
||
| 050 | 0 | 0 |
_aBS1205.55 _b.D53 2005 |
| 082 | 0 | 0 |
_a222/.03 _222 |
| 245 | 0 | 0 |
_aDictionary of the Old Testament : _bhistorical books / _ceditors, Bill T. Arnold, H.G.M. Williamson. |
| 260 |
_aDowners Grove, Ill. : _bInterVarsity Press, _cc2005. |
||
| 300 |
_axxiii, 1060 p. : _bill., maps ; _c26 cm. |
||
| 700 | 1 | _aArnold, Bill T. | |
| 700 | 1 |
_aWilliamson, H. G. M. _q(Hugh Godfrey Maturin), _d1947- |
|
| 856 | 4 | 1 |
_3Table of contents _uhttp://www.loc.gov/catdir/toc/ecip0519/2005026648.html |
| 942 |
_2lcc _cREF _n0 |
||
| 999 |
_c7204 _d7204 |
||